Office politics / (Запис № 532230)

МАРК-запис
000 -LEADER
fixed length control field 01211nam a2200265Ia 4500
001 - CONTROL NUMBER
control field officepolitics00shee
003 - CONTROL NUMBER IDENTIFIER
control field CaSfIA
005 - DATE AND TIME OF LATEST TRANSACTION
control field 20210118194151.0
007 - PHYSICAL DESCRIPTION FIXED FIELD--GENERAL INFORMATION
fixed length control field cr||||
008 - FIXED-LENGTH DATA ELEMENTS--GENERAL INFORMATION
fixed length control field 950724t19671966nyu 000 0 eng d
040 ## - CATALOGING SOURCE
Original cataloging agency TOL
Transcribing agency TOL
Modifying agency CaSfIA
035 ## - SYSTEM CONTROL NUMBER
System control number (OCoLC)32865004
090 ## - LOCALLY ASSIGNED LC-TYPE CALL NUMBER (OCLC); LOCAL CALL NUMBER (OCLC)
Classification number (OCLC) (R) ; Classification number, CALL (RLIN) (NR) PR6069.H396
Local cutter number (OCLC) ; Book number/undivided call number, CALL (RLIN) O3x 1967
100 1# - MAIN ENTRY--PERSONAL NAME
Personal name Sheed, Wilfrid.
245 10 - TITLE STATEMENT
Title Office politics /
Medium [electronic resource]
Statement of responsibility, etc Wilfrid Sheed.
260 ## - PUBLICATION, DISTRIBUTION, ETC. (IMPRINT)
Place of publication, distribution, etc New York :
Name of publisher, distributor, etc Pocket Books,
Date of publication, distribution, etc 1967, c1966.
300 ## - PHYSICAL DESCRIPTION
Extent 249 p. ;
Dimensions 18 cm.
500 ## - GENERAL NOTE
General note "First printing, November 1967."
500 ## - GENERAL NOTE
General note Ownership signature on the front free endpaper : "Fred Lutz/Jan. 1968."
506 ## - RESTRICTIONS ON ACCESS NOTE
Standardized terminology for access restriction Необхідна авторизація на https://archive.org/ (створення облікового запису безкоштовно)
506 ## - RESTRICTIONS ON ACCESS NOTE
Standardized terminology for access restriction Необхідна авторизація на https://openlibrary.org/ (створення облікового запису безкоштовно)
856 41 - ELECTRONIC LOCATION AND ACCESS
Uniform Resource Identifier <a href="http://www.archive.org/details/officepolitics00shee">http://www.archive.org/details/officepolitics00shee</a>
Public note Free eBook from the Internet Archive
856 42 - ELECTRONIC LOCATION AND ACCESS
Uniform Resource Identifier <a href="http://www.openlibrary.org/books/OL24215674M">http://www.openlibrary.org/books/OL24215674M</a>
Public note Additional information and access via Open Library
942 ## - ADDED ENTRY ELEMENTS (KOHA)
Koha item type ЕКнига

Немає доступних примірників.